| 000 | 01511nmc a2200421 a 4500 | ||
|---|---|---|---|
| 003 | AR-BaBNM | ||
| 005 | 20251128203833.0 | ||
| 008 | 147019s1969 ||||||||||||||000 | spa|| | ||
| 040 | _cAR-BaBNM | ||
| 245 | 1 | 0 |
_a¿Qué es la dislexia escolar? ; _bConocimiento del niño en edad escolar ; Los repetidores en la escuela primaria : causas psicológicas y psicopedagógicas ; Dificultades en la lectura y en la escritura : análisis de sus causas y recursos para su corrección ; La actividad creadora en la escuela primaria |
| 260 |
_aRosario _bBiblioteca _c1969 |
||
| 300 | 0 |
_ap. irreg. _btablas, diagr., láms. |
|
| 490 | 0 |
_aPraxis _vv. 1-5 |
|
| 500 | 0 | _aEste libro contiene cinco publicaciones de la Colección Praxis | |
| 500 | 0 | _aContiene referencias bibliográficas al final de cada cuadernillo | |
| 650 | 4 | _aEDUCACION ESPECIAL | |
| 650 | 4 | _aDISLEXIA | |
| 650 | 4 | _aPROBLEMAS DE LECTURA | |
| 650 | 4 | _aPSICOLOGIA DEL NINO | |
| 650 | 4 | _aDESARROLLO DEL NINO | |
| 650 | 4 | _aREPETICION | |
| 650 | 4 | _aFACTORES SOCIALES | |
| 650 | 4 | _aFACTORES DE RENDIMIENTO | |
| 650 | 4 | _aESCRITURA | |
| 650 | 4 | _aMEJORA DE LA ESCRITURA | |
| 650 | 4 | _aCREATIVIDAD | |
| 650 | 4 | _aDESARROLLO DE LA CREATIVIDAD | |
| 653 | 0 | _aEDUCACION PRIMARIA | |
| 653 | 0 | _aFRACASO ESCOLAR | |
| 700 | 1 | _aAzcoaga, Juan Enrique | |
| 700 | 1 | _aMenin, Ovide | |
| 700 | 1 | _aLuna, Emilio H. | |
| 700 | 1 | _aLuna, Emilio H. | |
| 700 | 1 | _aTavella, Nicolás M. | |
| 700 | 1 | _aConde, María Carola | |
| 942 | _cBK | ||
| 998 | _cSILVI | ||
| 999 |
_c5113 _d5113 |
||